Hockey sur Glace: Pays Champions du Monde (Hommes et Femmes) - Statistiques

Statistiques générales
  • Ce quiz a été pris 162 fois
  • Le résultat moyen est 9 sur 10
Statistiques - réponses
Réponse % Correct
Canada
100%
Etats-Unis
100%
URSS
99%
Suède
98%
Finlande
96%
Russie
95%
Tchécoslovaquie
89%
République Tchèque
84%
Slovaquie
79%
Grande-Bretagne
55%
Aucun quiz correspondant
Distribution des résultats
% des personnes avec chaque résultat
Percentile par nombre de réponses
Votre historique - résultats
Vous n’avez pas pris ce quiz